| 000 | 00705cam a2200193 a 4500 | ||
|---|---|---|---|
| 020 | _a0071402233 (acidfree paper) | ||
| 040 | _cDLC | ||
| 082 | 0 | 0 | _a973 CON 2003 A100 Or. |
| 100 | 1 | _aHumes, James C. | |
| 245 | 1 | 0 |
_aWhich president killed a man? : _btantalizing trivia and fun facts about our chief executives and first ladies / |
| 260 |
_aChicago : _bContemporary Books, _cc2003. |
||
| 300 |
_axiii, 242 p. : _bill. ; _c21 cm. |
||
| 650 | 0 | _aPresidents | |
| 650 | 0 | _aPresidents | |
| 856 | 4 | 2 | _uhttp://www.loc.gov/catdir/bios/mh041/2002071475.html |
| 856 | 4 | 2 | _uhttp://www.loc.gov/catdir/description/mh031/2002071475.html |
| 856 | 4 | 1 | _uhttp://www.loc.gov/catdir/toc/fy034/2002071475.html |
| 942 | _cEK | ||
| 999 |
_c13059 _d13059 |
||